000 01519cam a22002773a 4500
001 13334
003 PGUSA
005 20140828083304.0
008 040830s2004||||xxu|||||s|||||000 1 eng d
040 _aPGUSA
_beng
042 _adc
050 4 _aPS
100 1 _aBierce, Ambrose,
_d1842-1913
245 1 4 _aThe Collected Works of Ambrose Bierce — Volume 2 :
_bIn the Midst of Life: Tales of Soldiers and Civilians
_h[electronic resource] /
_cAmbrose Bierce
260 _bProject Gutenberg,
_c2004
505 0 _aA horseman in the sky -- An occurrence at Owl Creek Bridge -- Chickamauga -- A son of the gods -- One of the missing -- Killed at Resaca -- The affair at Coulter's Notch -- The coup de grâce -- Parker Addison, philosopher -- An affair of outposts -- The story of a conscience -- One kind of officer -- One officer, one man -- George Thurston -- The mocking-bird -- The man out of the nose -- An adventure at Brownville -- The famous Gilson bequest -- The applicant -- A watcher by the dead -- The man and the snake -- A holy terror -- The suitable surroundings -- The boarded window -- A lady from Red Horse -- The eyes of the panther.
506 _aPublic domain in the USA.
516 _aElectronic text
653 _aParanormal fiction
653 _aWar stories, American
653 _aHorror tales, American
653 _aUnited States -- History -- Civil War, 1861-1865 -- Fiction
830 0 _aProject Gutenberg
_v13334
856 4 0 _uhttp://www.gutenberg.org/ebooks/13334
942 _cEB
999 _c242589
_d242589